Minecraft Trivia - Statistics

General Stats
  • This quiz has been taken 374 times
  • The average score is 11 of 15
Answer Stats
Hint Answer % Correct
Who is the default avatar of Minecraft? Steve
99%
Who is the default female avatar? Alex
95%
What company created Minecraft? Mojang
95%
What year was Minecraft first released? 2009
92%
What is the final boss of Minecraft? Enderdragon
90%
And it was later purchased by what other company? Microsoft
89%
Who originally created Minecraft as a hobby project? Notch
89%
What exploding creature has it’s face in the title of Minecraft? Creeper
87%
What real-life Minecraft event was held annually? Minecon
70%
Who took over the above’s position after he left the company? Jeb
63%
What was Minecraft called prior to Minecraft? Cave Game
48%
Who is the main composer for Minecraft? C418
36%
What was the only game that had sold more copies than Minecraft prior to May 17? Tetris
36%
Who is the main character of Minecraft: Story Mode? Jesse
35%
What day was Minecraft first released? May 17
34%
No matching quizzes found
Score Distribution
Percent of People with Each Score
Percentile by Number Answered
Your Score History
You have not taken this quiz